000 00955nam0a22002651 4500
001 rc\3960177
005 20250610132231.0
021 _aRU
_b[57-11670]
035 _a(NLR Aleph) 007927372
090 _a8196461
_c8196461
100 _a20130415d1956 |||y0rusy50 ca
101 0 _arus
102 _aRU
105 _ay z |||a|
200 1 _aСтихи Алексея Суркова
_fО-во по распространению полит. и науч. знаний РСФСР. Ленингр. отд-ние
210 _aЛенинград
_cБ. и.
_d1956
215 _a28 с.
_d20
700 1 _aВладимиров
_bС.В.
_f1921-1972
_gСергей Васильевич
701 1 _aМолдавский
_bД.М.
_gДмитрий Миронович
702 1 _aСурков
_bА.А.
_gАлексей Александрович
_4570
801 0 _aRU
_bNLR
_gpsbo
801 1 _aRU
_bELAR
_2rusmarc
852 _aNLR
_j57-4/3354
942 _cBOOK
980 _aNB